00378nam a2200121Ia 4500008004000000020001800040082001700058100002400075245004200099260003300141300000800174650007400182210210b2000 xxu||||| |||| 00| 0 eng d a0 7619 9397 5 a150.954 PANP aPANDEY (Janak), Ed. aInternational Handbook of psychology. aN DbSage Publicationsc2000 a272 aPsychology India Discipline Developments Foundations Human Cognitions